| 000 | 00401nam a22001457a 4500 | ||
|---|---|---|---|
| 020 | _a978-0-357-71474-4 | ||
| 082 | _a332.1 | ||
| 100 | _aMayo, Herbert B. | ||
| 245 |
_aBasic Finance: _bIntroduction to Financial Institutions, Investments, and Management |
||
| 250 | _a13th | ||
| 260 |
_aBoston: _bCengage, _c2024 |
||
| 300 | _axii, 727p.: ill.; 25cm | ||
| 700 | _aLavelle, Michael J. | ||
| 942 | _cBK | ||
| 999 |
_c22152 _d22152 |
||